[Event "Aragon-chT Honor Descenso"]
[Site "Aragon"]
[Date "2012.04.15"]
[Round "11.29"]
[White "Valiente Roy, Jose Javier"]
[Black "Del Corral Abancens, Alfonso"]
[Result "1-0"]
[WhiteElo "2005"]
[BlackElo "1935"]
[PlyCount "79"]
[EventDate "2012.02.04"]
[EventType "team-tourn"]
[EventRounds "11"]
[EventCountry "ESP"]
[SourceTitle "EXT 2014"]
[Source "ChessBase"]
[SourceDate "2013.11.20"]
[SourceVersion "1"]
[SourceVersionDate "2013.11.20"]
[SourceQuality "1"]
[WhiteTeam "Ramiro II"]
[BlackTeam "Shatranj"]
[WhiteTeamCountry "ESP"]
[BlackTeamCountry "ESP"]

1. b3 e5 2. Bb2 d6 3. e3 Nc6 4. Nf3 Nf6 5. c4 Bg4 6. Be2 Be7 7. Nc3 0-0 8. 0-0 Re8 9. d4 Bf8 10. d5 Ne7 11. e4 Bxf3 12. Bxf3 Nd7 13. Bg4 g6 14. Bxd7 Qxd7 15. Ne2 Bg7 16. f4 f5 17. fxe5 dxe5 18. Ng3 f4 19. Nh1 Qd6 20. Nf2 g5 21. Nd3 Ng6 22. a4 b6 23. b4 c5 24. bxc5 bxc5 25. Ba3 Rac8 26. Rb1 Nh4 27. Rb5 Qg6 28. Qe1 a6 29. Rb7 Bf8 30. g3 f3 31. Qf2 Qxe4 32. gxh4 g4 33. Qd2 Qd4+ 34. Kh1 h6 35. Qc2 e4 36. Nf2 h5 37. Nd1 Qf6 38. Bb2 Qxh4 39. Qc3 Qg5 40. Qh8# 1-0

[Event "Aragon-chT Honor GrA "]
[Site "Aragon"]
[Date "2012.03.03"]
[Round "5.1"]
[White "Cifuentes Parada, Roberto"]
[Black "Valiente Roy, Jose Javier"]
[Result "1-0"]
[WhiteElo "2523"]
[BlackElo "2005"]
[PlyCount "61"]
[EventDate "2012.02.04"]
[EventType "team-tourn"]
[EventRounds "7"]
[EventCountry "ESP"]
[SourceTitle "EXT 2014"]
[Source "ChessBase"]
[SourceDate "2013.11.20"]
[SourceVersion "1"]
[SourceVersionDate "2013.11.20"]
[SourceQuality "1"]
[WhiteTeam "Casino Jaque"]
[BlackTeam "Ramiro II"]
[WhiteTeamCountry "ESP"]
[BlackTeamCountry "ESP"]

1. d4 d5 2. c4 c6 3. Nf3 Nf6 4. e3 a6 5. Bd3 Bg4 6. Nbd2 e6 7. Qc2 Nbd7 8. b3 Bxf3 9. Nxf3 Qa5+ 10. Bd2 Bb4 11. 0-0 Bxd2 12. Nxd2 0-0 13. b4 Qd8 14. f4 g6 15. c5 Ng4 16. Rfe1 f5 17. a4 Qe7 18. h3 Ngf6 19. b5 axb5 20. axb5 Ne4 21. Nb3 Qh4 22. b6 Rxa1 23. Rxa1 Ndf6 24. Qe2 g5 25. fxg5 Qxg5 26. Ra7 Rf7 27. Na5 Qg7 28. Qf3 Nd2 29. Qf4 Nfe4 30. Bxe4 fxe4 31. Ra8+ 1-0

[Event "La Pobla de Lillet op 21st"]
[Site "La Pobla de Lillet"]
[Date "2011.08.06"]
[Round "5"]
[White "Gonzalez Aguirre, Luis"]
[Black "Valiente Roy, Jose Javier"]
[Result "1-0"]
[WhiteElo "2207"]
[BlackElo "2090"]
[PlyCount "55"]
[EventDate "2011.08.02"]
[EventType "swiss"]
[EventRounds "9"]
[EventCountry "ESP"]
[SourceTitle "EXT 2015"]
[Source "ChessBase"]
[SourceDate "2014.11.20"]
[SourceVersion "1"]
[SourceVersionDate "2014.11.20"]
[SourceQuality "1"]

1. c4 e6 2. g3 Nf6 3. Bg2 d5 4. Nf3 d4 5. 0-0 Nc6 6. d3 Bc5 7. e3 0-0 8. exd4 Nxd4 9. Nxd4 Bxd4 10. Nd2 Rb8 11. Nf3 b6 12. Nxd4 Qxd4 13. Qc2 Rd8 14. Rd1 c5 15. Be3 Qg4 16. d4 cxd4 17. Bxd4 Ba6 18. h3 Qh5 19. Qa4 e5 20. Bc3 Rxd1+ 21. Rxd1 Qe2 22. Bf1 Qf3 23. Rd3 Qb7 24. Bxe5 b5 25. Qd1 Re8 26. Bxf6 gxf6 27. Qg4+ Kh8 28. Rd7 1-0

[Event "Aragon-chT Honor I"]
[Site "Spain"]
[Date "2011.02.26"]
[Round "4.14"]
[White "Delgado Salcedo, Eduardo"]
[Black "Valiente Roy, Jose Javier"]
[Result "0-1"]
[WhiteElo "2179"]
[BlackElo "2092"]
[PlyCount "78"]
[EventDate "2011.02.05"]
[EventType "team-tourn"]
[EventRounds "7"]
[EventCountry "ESP"]
[SourceTitle "EXT 2013"]
[Source "ChessBase"]
[SourceDate "2012.11.22"]
[SourceVersion "1"]
[SourceVersionDate "2012.11.22"]
[SourceQuality "1"]
[WhiteTeam "Agrupacion"]
[BlackTeam "Ramiro"]
[WhiteTeamCountry "ESP"]
[BlackTeamCountry "ESP"]

1. b3 d5 2. Bb2 Bg4 3. f4 e6 4. Nf3 Bxf3 5. exf3 Nf6 6. d4 Bd6 7. Qd2 c6 8. Ba3 Bxa3 9. Nxa3 Qd6 10. Nb1 0-0 11. Nc3 Nbd7 12. g4 c5 13. 0-0-0 a6 14. h4 Rfc8 15. Ne2 c4 16. Kb2 b5 17. bxc4 bxc4 18. c3 Ne8 19. Bh3 Nc7 20. Rb1 Nb5 21. Kc1 Rab8 22. Kd1 Na3 23. Rc1 Nb6 24. Ke1 Na4 25. Kf2 Nb2 26. Kg3 Nd3 27. Rcd1 Rb2 28. Qe3 Nc2 29. Qg1 Nxd4 30. Qxd4 Rxe2 31. Bf1 Re4 32. Rxd3 Qxf4+ 33. Kf2 Rxd4 34. Rxd4 Qc1 35. Bg2 Qxc3 36. Rhd1 Qa3 37. Kg3 c3 38. R1d3 Qd6+ 39. f4 c2 0-1

[Event "Aragon-chT Honor I"]
[Site "Spain"]
[Date "2011.02.12"]
[Round "2.14"]
[White "Valiente Roy, Jose Javier"]
[Black "Forcen Esteban, Daniel"]
[Result "1/2-1/2"]
[WhiteElo "2092"]
[BlackElo "2378"]
[PlyCount "73"]
[EventDate "2011.02.05"]
[EventType "team-tourn"]
[EventRounds "7"]
[EventCountry "ESP"]
[SourceTitle "EXT 2013"]
[Source "ChessBase"]
[SourceDate "2012.11.22"]
[SourceVersion "1"]
[SourceVersionDate "2012.11.22"]
[SourceQuality "1"]
[WhiteTeam "Ramiro"]
[BlackTeam "IberCaja"]
[WhiteTeamCountry "ESP"]
[BlackTeamCountry "ESP"]

1. Nf3 c5 2. c4 Nf6 3. g3 Nc6 4. Bg2 d5 5. cxd5 Nxd5 6. 0-0 e5 7. Nc3 Be6 8. Nxd5 Bxd5 9. Qa4 Bd6 10. d3 0-0 11. Ng5 Bxg2 12. Kxg2 Nd4 13. Qd1 Be7 14. Ne4 Qd5 15. Kg1 Rfd8 16. b3 f5 17. Nc3 Qc6 18. Be3 e4 19. Bxd4 Rxd4 20. Qc2 exd3 21. exd3 Rad8 22. Rad1 Qf3 23. Rfe1 Rxd3 24. Rxd3 Rxd3 25. Rxe7 Rxc3 26. Qb2 h5 27. Rd7 f4 28. Qd2 h4 29. Qxf4 Qxf4 30. gxf4 h3 31. Kf1 Rc2 32. Rxb7 Rxa2 33. Rc7 Rb2 34. Rxc5 Rxb3 35. Ra5 Rb1+ 36. Ke2 Rh1 37. Kf3 1/2-1/2

[Event "Almansa op 5th"]
[Site "Almansa"]
[Date "2010.08.09"]
[Round "1"]
[White "Castella Garcia, Fausto"]
[Black "Valiente Roy, Jose Javier"]
[Result "1-0"]
[WhiteElo "2334"]
[BlackElo "2103"]
[PlyCount "97"]
[EventDate "2010.08.09"]
[EventType "swiss"]
[EventRounds "9"]
[EventCountry "ESP"]
[SourceTitle "EXT 2011"]
[Source "ChessBase"]
[SourceDate "2010.11.26"]
[SourceVersion "1"]
[SourceVersionDate "2010.11.26"]
[SourceQuality "1"]

1. e4 Nf6 2. e5 Nd5 3. Nc3 Nxc3 4. dxc3 d5 5. c4 d4 6. f4 c5 7. Bd3 Nc6 8. Nf3 Bg4 9. 0-0 e6 10. a3 Be7 11. h3 Bxf3 12. Qxf3 Qc7 13. Bd2 a6 14. Rab1 a5 15. f5 Nxe5 16. Qg3 0-0-0 17. fxe6 fxe6 18. Bxa5 Qxa5 19. Qxe5 Bf6 20. Qxe6+ Kc7 21. b4 cxb4 22. Rf5 Qb6 23. Qxb6+ Kxb6 24. Rxb4+ Kc7 25. Rc5+ Kd6 26. Rd5+ Kc7 27. Rdb5 Rb8 28. Be4 b6 29. Ra4 g6 30. Ra7+ Kd6 31. Rd5+ Ke6 32. c5 bxc5 33. Ra6+ Ke7 34. Rxc5 Rhc8 35. Ra7+ Kd6 36. Rxc8 Rxc8 37. Rxh7 g5 38. a4 Ke5 39. Bd3 Ra8 40. Bb5 Rc8 41. Bd3 Ra8 42. Bb5 Rc8 43. a5 Rxc2 44. a6 Rc1+ 45. Kf2 Kd5 46. a7 Ra1 47. Bd3 Be5 48. Be2 Ra2 49. a8Q+ 1-0

[Event "Aragon-chT Preferente"]
[Site "Spain"]
[Date "2010.02.20"]
[Round "5.23"]
[White "Cerrajeria Ruiz, Jesus Maria"]
[Black "Valiente Roy, Jose Javier"]
[Result "1/2-1/2"]
[WhiteElo "2100"]
[BlackElo "2060"]
[PlyCount "96"]
[EventDate "2010.01.23"]
[EventType "team-swiss"]
[EventRounds "12"]
[EventCountry "ESP"]
[SourceTitle "EXT 2013"]
[Source "ChessBase"]
[SourceDate "2012.11.22"]
[SourceVersion "1"]
[SourceVersionDate "2012.11.22"]
[SourceQuality "1"]
[WhiteTeam "Shatranj"]
[BlackTeam "Ramiro"]
[WhiteTeamCountry "ESP"]
[BlackTeamCountry "ESP"]

1. e4 Nf6 2. e5 Nd5 3. Bc4 Nb6 4. Bb3 Nc6 5. d4 e6 6. Qg4 h5 7. Qg3 Nxd4 8. Bg5 Nf5 9. Bxd8 Nxg3 10. hxg3 Kxd8 11. g4 g6 12. Nf3 Bg7 13. gxh5 Rxh5 14. Rxh5 gxh5 15. Nbd2 d6 16. 0-0-0 Ke7 17. exd6+ cxd6 18. Rh1 Bd7 19. Rxh5 Rh8 20. Rxh8 Bxh8 21. c3 d5 22. Ne1 e5 23. Bd1 f5 24. Be2 Kd6 25. g3 Bf6 26. f4 Na4 27. Ndf3 Nc5 28. fxe5+ Bxe5 29. Nxe5 Kxe5 30. Nd3+ Nxd3+ 31. Bxd3 f4 32. gxf4+ Kxf4 33. Kd2 Ke5 34. Ke3 Be6 35. Bg6 Bd7 36. Bf7 Bc6 37. b4 Bd7 38. Bg6 Ba4 39. Bd3 Bd7 40. Be2 Be8 41. Bg4 b6 42. Bd1 Bb5 43. a3 Bd7 44. Bc2 Bc6 45. Bg6 Bd7 46. Bh5 Bb5 47. Bg4 Be8 48. Be2 Bd7 1/2-1/2

[Event "Aragon-chT Preferente"]
[Site "Spain"]
[Date "2010.02.13"]
[Round "4.18"]
[White "Roche Simon, Manuel Angel"]
[Black "Valiente Roy, Jose Javier"]
[Result "1/2-1/2"]
[WhiteElo "2052"]
[BlackElo "2060"]
[PlyCount "32"]
[EventDate "2010.01.23"]
[EventType "team-swiss"]
[EventRounds "12"]
[EventCountry "ESP"]
[SourceTitle "EXT 2013"]
[Source "ChessBase"]
[SourceDate "2012.11.22"]
[SourceVersion "1"]
[SourceVersionDate "2012.11.22"]
[SourceQuality "1"]
[WhiteTeam "Delicias"]
[BlackTeam "Ramiro"]
[WhiteTeamCountry "ESP"]
[BlackTeamCountry "ESP"]

1. e4 c6 2. d4 d5 3. Nc3 dxe4 4. Nxe4 Bf5 5. Ng3 Bg6 6. h4 h6 7. Nf3 Nd7 8. h5 Bh7 9. Bd3 Bxd3 10. Qxd3 e6 11. Bf4 Ngf6 12. 0-0-0 Be7 13. Ne4 Nxe4 14. Qxe4 Nf6 15. Qe2 Qd5 16. Kb1 Qe4 1/2-1/2

[Event "Salou op 10th"]
[Site "Salou"]
[Date "2008.05.08"]
[Round "1"]
[White "Lopez Martinez, Josep Manuel"]
[Black "Valiente Roy, Jose Javier"]
[Result "1-0"]
[WhiteElo "2576"]
[BlackElo "2109"]
[PlyCount "45"]
[EventDate "2008.05.08"]
[EventType "swiss"]
[EventRounds "9"]
[EventCountry "ESP"]
[SourceTitle "CBM 124 Extra"]
[Source "ChessBase"]
[SourceDate "2008.07.03"]
[SourceVersion "1"]
[SourceVersionDate "2008.07.03"]
[SourceQuality "1"]

1. e4 c6 2. d4 d5 3. e5 c5 4. dxc5 Nc6 5. Nf3 Bg4 6. c3 e6 7. Be3 Nge7 8. Bb5 Bxf3 9. Qxf3 a6 10. Ba4 Qc7 11. Bd4 Nf5 12. 0-0 Be7 13. Re1 0-0 14. Qd3 Qa5 15. Bxc6 bxc6 16. a4 Nxd4 17. b4 Nf3+ 18. Qxf3 Qc7 19. Nd2 f6 20. Qg3 fxe5 21. Nf3 Rf4 22. Rxe5 Bh4 23. Qxf4 1-0

[Event "Aragon-chT"]
[Site "Aragon"]
[Date "2008.04.05"]
[Round "8"]
[White "Valiente Roy, Jose Javier"]
[Black "Gella Lopez, Angel"]
[Result "1/2-1/2"]
[WhiteElo "2109"]
[BlackElo "2094"]
[PlyCount "141"]
[EventDate "2008.02.02"]
[EventType "team-swiss"]
[EventRounds "12"]
[EventCountry "ESP"]
[SourceTitle "EXT 2011"]
[Source "ChessBase"]
[SourceDate "2010.11.26"]
[SourceVersion "1"]
[SourceVersionDate "2010.11.26"]
[SourceQuality "1"]

1. d4 Nf6 2. c4 c5 3. d5 e6 4. Nc3 exd5 5. cxd5 d6 6. Nf3 g6 7. Nd2 Bg7 8. e4 0-0 9. Be2 Na6 10. 0-0 Nc7 11. a4 b6 12. Nc4 Re8 13. Qc2 Ba6 14. Bg5 h6 15. Bh4 Bxc4 16. Bxc4 a6 17. Rfe1 Qd7 18. Rad1 b5 19. axb5 axb5 20. e5 Rxe5 21. Rxe5 dxe5 22. Bxf6 Bxf6 23. Ne4 Be7 24. d6 bxc4 25. dxe7 Qxe7 26. Qxc4 Ne6 27. g3 Nd4 28. Qxc5 Qe6 29. Qd5 Qxd5 30. Nf6+ Kg7 31. Nxd5 Rb8 32. b4 Rb5 33. Nc7 Rxb4 34. Kg2 Rb2 35. Ne8+ Kf8 36. Nd6 Nf5 37. Nxf5 gxf5 38. Rd5 f6 39. Rd7 Kg8 40. h4 h5 41. Kf1 Rb4 42. Ra7 f4 43. Kg2 fxg3 44. fxg3 Rb3 45. Re7 Rb4 46. Kf3 Rg4 47. Ra7 Rg7 48. Ra8+ Kh7 49. Ra3 Kg6 50. Kg2 Rd7 51. Rb3 Rd4 52. Ra3 Rd2+ 53. Kf3 Kf5 54. Ra4 Rd4 55. Ra5 Rd1 56. Ke2 Rb1 57. Ra6 Rb3 58. Kf2 Rd3 59. Kg2 Rd2+ 60. Kf3 e4+ 61. Ke3 Rd3+ 62. Kf2 Rf3+ 63. Kg2 Kg4 64. Re6 Rxg3+ 65. Kh2 Rh3+ 66. Kg2 Rg3+ 67. Kh2 Re3 68. Rxf6 Re2+ 69. Kg1 Kxh4 70. Kf1 Re3 71. Kf2 1/2-1/2

[Event "Aragon-chT"]
[Site "Aragon"]
[Date "2008.02.02"]
[Round "1"]
[White "Valiente Roy, Jose Javier"]
[Black "Lamas Mercadal, Manuel"]
[Result "0-1"]
[WhiteElo "2109"]
[BlackElo "2246"]
[PlyCount "44"]
[EventDate "2008.02.02"]
[EventType "team-swiss"]
[EventRounds "12"]
[EventCountry "ESP"]
[SourceTitle "EXT 2011"]
[Source "ChessBase"]
[SourceDate "2010.11.26"]
[SourceVersion "1"]
[SourceVersionDate "2010.11.26"]
[SourceQuality "1"]

1. d4 Nf6 2. Nf3 e6 3. e3 b6 4. Bd3 Bb7 5. 0-0 c5 6. c3 cxd4 7. exd4 Nc6 8. Bg5 Be7 9. Nbd2 0-0 10. Re1 Nd5 11. Bxe7 Ncxe7 12. Ne4 Qc7 13. Rc1 f5 14. Ng3 Ng6 15. Bb1 Ndf4 16. Re3 Nxg2 17. Kxg2 f4 18. Be4 fxe3 19. fxe3 Bxe4 20. Nxe4 Rxf3 21. Kxf3 Qxh2 22. Nd2 d5 0-1

[Event "Aragon-chT Autonomico"]
[Site "Aragon"]
[Date "2007.03.24"]
[Round "9"]
[White "Brosa Soto, Jesus"]
[Black "Valiente Roy, Jose Javier"]
[Result "0-1"]
[WhiteElo "2127"]
[BlackElo "2079"]
[PlyCount "70"]
[EventDate "2007.01.27"]
[EventType "team-tourn"]
[EventRounds "9"]
[EventCountry "ESP"]
[SourceTitle "EXT 2008"]
[Source "ChessBase"]
[SourceDate "2007.11.25"]
[SourceVersion "1"]
[SourceVersionDate "2007.11.25"]
[SourceQuality "1"]
[WhiteTeam "Aragon UGT"]
[BlackTeam "Ramiro"]
[WhiteTeamCountry "ESP"]
[BlackTeamCountry "ESP"]

1. d4 d5 2. Nf3 e6 3. Bg5 Be7 4. Bxe7 Qxe7 5. c3 Nf6 6. Nbd2 0-0 7. e3 b6 8. Bd3 Bb7 9. Qc2 Nbd7 10. Ne5 c5 11. 0-0 c4 12. Nxd7 Qxd7 13. Be2 b5 14. f4 Qe7 15. g4 Bc6 16. g5 Ne8 17. Nf3 Nd6 18. Ne5 Be8 19. Rf3 Ne4 20. Rh3 f6 21. gxf6 gxf6 22. Ng4 Qg7 23. Kf1 Bg6 24. Qd1 Kh8 25. Bf3 Bf5 26. Rh4 Rg8 27. h3 Rab8 28. Qe1 e5 29. Bxe4 Bxe4 30. Ke2 exf4 31. exf4 f5 32. Ne3 b4 33. Kd2 bxc3+ 34. Kxc3 Qe7 35. a3 Rb3+ 0-1

[Event "Aragon-chT Autonomico"]
[Site "Aragon"]
[Date "2007.03.17"]
[Round "8"]
[White "Valiente Roy, Jose Javier"]
[Black "Labrador Postigo, Francisco Manuel"]
[Result "1-0"]
[WhiteElo "2079"]
[BlackElo "2005"]
[PlyCount "127"]
[EventDate "2007.01.27"]
[EventType "team-tourn"]
[EventRounds "9"]
[EventCountry "ESP"]
[SourceTitle "EXT 2008"]
[Source "ChessBase"]
[SourceDate "2007.11.25"]
[SourceVersion "1"]
[SourceVersionDate "2007.11.25"]
[SourceQuality "1"]
[WhiteTeam "Ramiro"]
[BlackTeam "CAI Olivar III"]
[WhiteTeamCountry "ESP"]
[BlackTeamCountry "ESP"]

1. d4 Nf6 2. c4 e6 3. Nc3 Bb4 4. a3 Bxc3+ 5. bxc3 c5 6. e3 0-0 7. Bd3 Nc6 8. Nf3 d6 9. 0-0 Qe7 10. e4 e5 11. d5 Na5 12. Bg5 Bg4 13. Qa4 b6 14. Nd2 Bd7 15. Qd1 h6 16. Bh4 g5 17. Bg3 Kg7 18. a4 Rh8 19. Qe2 Rag8 20. Rfb1 h5 21. f3 h4 22. Bf2 Nh5 23. g4 hxg3 24. hxg3 Kf8 25. Kf1 Nf4 26. Qe3 Rh1+ 27. Bg1 Bh3+ 28. Kf2 Nh5 29. Bf1 Bd7 30. Bg2 Rxg1 31. Rxg1 g4 32. Qh6+ Ng7 33. fxg4 Bxg4 34. Bh3 Bxh3 35. Qxh3 Qg5 36. Nf3 Qf6 37. Qh4 Qg6 38. Rh1 Nxc4 39. Ke2 Ne8 40. Rag1 Nf6 41. Qh6+ Qxh6 42. Rxh6 Kg7 43. Rh4 Re8 44. Nd2 Na5 45. g4 Rg8 46. g5 Nd7 47. Rh6 Nb7 48. Nc4 Rh8 49. Nxd6 Nxd6 50. Rxd6 Rh2+ 51. Kd3 Nf8 52. Kc4 Rh4 53. Re1 Rg4 54. a5 Rxg5 55. axb6 axb6 56. Rxb6 Rg4 57. Rb7 Kg8 58. Rb8 Kg7 59. Re8 f5 60. Rxe5 f4 61. d6 Kf7 62. Re7+ Kf6 63. e5+ Kg6 64. Kxc5 1-0

[Event "Aragon-chT Autonomico"]
[Site "Aragon"]
[Date "2007.03.10"]
[Round "7"]
[White "Lucea Valero, Alejandro"]
[Black "Valiente Roy, Jose Javier"]
[Result "0-1"]
[WhiteElo "1970"]
[BlackElo "2079"]
[PlyCount "68"]
[EventDate "2007.01.27"]
[EventType "team-tourn"]
[EventRounds "9"]
[EventCountry "ESP"]
[SourceTitle "EXT 2008"]
[Source "ChessBase"]
[SourceDate "2007.11.25"]
[SourceVersion "1"]
[SourceVersionDate "2007.11.25"]
[SourceQuality "1"]
[WhiteTeam "Caissa II"]
[BlackTeam "Ramiro"]
[WhiteTeamCountry "ESP"]
[BlackTeamCountry "ESP"]

1. e4 c6 2. d4 d5 3. exd5 cxd5 4. Bd3 Nc6 5. c3 Nf6 6. Bf4 Bg4 7. Qb3 Qc8 8. Nd2 e6 9. Ngf3 Be7 10. 0-0 0-0 11. h3 Bh5 12. Rac1 Bg6 13. Bxg6 hxg6 14. Rfe1 a6 15. Ne5 Nxe5 16. Bxe5 b5 17. a4 Qc6 18. Ra1 Nd7 19. Bf4 Nb6 20. axb5 axb5 21. Qc2 b4 22. Qd3 bxc3 23. bxc3 Rfc8 24. Rxa8 Rxa8 25. Rb1 Ra3 26. Qb5 Qxb5 27. Rxb5 Na4 28. c4 Nc3 29. Rb8+ Kh7 30. Be3 Ra1+ 31. Nb1 Rxb1+ 32. Rxb1 Nxb1 33. c5 Na3 34. Kf1 Nc2 0-1

[Event "Aragon-chT Autonomico"]
[Site "Aragon"]
[Date "2007.02.24"]
[Round "5"]
[White "Cebollada Pacheco, Jesus Raul"]
[Black "Valiente Roy, Jose Javier"]
[Result "0-1"]
[WhiteElo "2010"]
[BlackElo "2079"]
[PlyCount "130"]
[EventDate "2007.01.27"]
[EventType "team-tourn"]
[EventRounds "9"]
[EventCountry "ESP"]
[SourceTitle "EXT 2008"]
[Source "ChessBase"]
[SourceDate "2007.11.25"]
[SourceVersion "1"]
[SourceVersionDate "2007.11.25"]
[SourceQuality "1"]
[WhiteTeam "St Casablanca V"]
[BlackTeam "Ramiro"]
[WhiteTeamCountry "ESP"]
[BlackTeamCountry "ESP"]

1. e4 c6 2. d4 d5 3. Nc3 dxe4 4. Nxe4 Bf5 5. Ng3 Bg6 6. h4 h6 7. h5 Bh7 8. Nf3 Nd7 9. Bd3 Bxd3 10. Qxd3 e6 11. Bf4 Ngf6 12. 0-0-0 Be7 13. Kb1 0-0 14. Ne4 Nxe4 15. Qxe4 Nf6 16. Qe2 Qd5 17. Be3 a5 18. Ne5 a4 19. g4 a3 20. b3 Ne4 21. c4 Nc3+ 22. Kc2 Qxh1 23. Rxh1 Nxe2 24. Re1 Nxd4+ 25. Bxd4 c5 26. Be3 Rfd8 27. f4 Ra6 28. Nf3 b5 29. cxb5 Rb6 30. Ne5 Rxb5 31. Nc4 Bf6 32. g5 hxg5 33. fxg5 Bd4 34. Bd2 Rbb8 35. g6 Rd5 36. h6 gxh6 37. Bxh6 Rbd8 38. gxf7+ Kxf7 39. Bf4 Rf5 40. Nd6+ Rxd6 41. Bxd6 Rf2+ 42. Kd3 Rxa2 43. Be5 Bxe5 44. Rxe5 Rb2 45. Kc3 Rb1 46. Re2 e5 47. Ra2 Ke6 48. Rxa3 e4 49. Kc2 Rg1 50. Ra5 Kd6 51. Ra6+ Kd5 52. Ra5 Rg2+ 53. Kc3 Rg3+ 54. Kc2 Kd4 55. Rb5 Rg2+ 56. Kc1 e3 57. Rb8 Rg1+ 58. Kc2 e2 59. Rd8+ Ke3 60. Re8+ Kf2 61. Rf8+ Ke1 62. Re8 Rg3 63. Rf8 Rg2 64. Rh8 Kf1 65. Rf8+ Rf2 0-1

[Event "Aragon-chT Autonomico"]
[Site "Aragon"]
[Date "2007.02.10"]
[Round "3"]
[White "Lopez Guaita, Fernando"]
[Black "Valiente Roy, Jose Javier"]
[Result "1/2-1/2"]
[WhiteElo "2079"]
[BlackElo "2066"]
[PlyCount "110"]
[EventDate "2007.01.27"]
[EventType "team-tourn"]
[EventRounds "9"]
[EventCountry "ESP"]
[SourceTitle "EXT 2008"]
[Source "ChessBase"]
[SourceDate "2007.11.25"]
[SourceVersion "1"]
[SourceVersionDate "2007.11.25"]
[SourceQuality "1"]
[WhiteTeam "CAI Olivar IV"]
[BlackTeam "Ramiro"]
[WhiteTeamCountry "ESP"]
[BlackTeamCountry "ESP"]

1. d4 d5 2. c4 e6 3. Nc3 Nf6 4. cxd5 exd5 5. Bg5 Be7 6. e3 0-0 7. Bd3 Nbd7 8. Nf3 Re8 9. h3 b6 10. Bxf6 Nxf6 11. Bb5 Bd7 12. Bxd7 Qxd7 13. Ne5 Qe6 14. 0-0 a6 15. Ne2 c5 16. Nf4 Qd6 17. Rc1 c4 18. Nh5 b5 19. Ng3 Bf8 20. Qf3 Qe6 21. Ne2 Bd6 22. Nf4 Qf5 23. g4 Qe4 24. Qxe4 dxe4 25. g5 Bxe5 26. dxe5 Nd7 27. e6 fxe6 28. g6 Ne5 29. gxh7+ Kxh7 30. Nh5 Nd3 31. Rc2 Kg6 32. Ng3 Rh8 33. Kg2 Rh4 34. b3 Ne5 35. Rd1 cxb3 36. axb3 Nd3 37. Rc6 Kf7 38. Rc7+ Kg6 39. Nxe4 Ne1+ 40. Rxe1 Rxe4 41. Kf3 Rb4 42. Rg1+ Kf6 43. Rgxg7 Rxb3 44. Kf4 Rb4+ 45. e4 e5+ 46. Kf3 Rb3+ 47. Kg4 a5 48. Rgf7+ Ke6 49. Rfe7+ Kd6 50. Red7+ Ke6 51. Rg7 Kd6 52. Rgd7+ Ke6 53. Re7+ Kf6 54. Rf7+ Ke6 55. Rg7 Kd6 1/2-1/2

[Event "Aragon-chT Autonomico"]
[Site "Aragon"]
[Date "2007.02.03"]
[Round "2"]
[White "Villuendas Valero, Adrian"]
[Black "Valiente Roy, Jose Javier"]
[Result "1-0"]
[WhiteElo "2224"]
[BlackElo "2079"]
[PlyCount "69"]
[EventDate "2007.01.27"]
[EventType "team-tourn"]
[EventRounds "9"]
[EventCountry "ESP"]
[SourceTitle "EXT 2008"]
[Source "ChessBase"]
[SourceDate "2007.11.25"]
[SourceVersion "1"]
[SourceVersionDate "2007.11.25"]
[SourceQuality "1"]
[WhiteTeam "St Casablanca II"]
[BlackTeam "Ramiro"]
[WhiteTeamCountry "ESP"]
[BlackTeamCountry "ESP"]

1. d4 d5 2. c4 e6 3. Nc3 c5 4. cxd5 exd5 5. Nf3 Nc6 6. g3 Nf6 7. Bg2 Be7 8. 0-0 0-0 9. dxc5 d4 10. Na4 Bf5 11. Bf4 Be4 12. a3 b5 13. cxb6 axb6 14. b4 b5 15. Nc5 Bxc5 16. bxc5 Qd5 17. Bd6 Rfe8 18. Ne1 Bxg2 19. Nxg2 Ne4 20. Nf4 Qc4 21. Qd3 Nc3 22. Qxc4 bxc4 23. e3 dxe3 24. fxe3 Rxe3 25. Kf2 Ree8 26. Rfc1 Ne4+ 27. Kg2 Nd2 28. Ra2 Ne4 29. Rxc4 g5 30. Nd5 Nxd6 31. cxd6 Ne5 32. Re4 Nd7 33. Re7 Rxe7 34. dxe7 f6 35. Nc7 1-0

[Event "ESP Autonomico-chT"]
[Site "Spain"]
[Date "2006.02.11"]
[Round "2.49"]
[White "Guzman Moneo, Alberto"]
[Black "Valiente Roy, Jose Javier"]
[Result "0-1"]
[WhiteElo "2227"]
[BlackElo "2040"]
[PlyCount "85"]
[EventDate "2006.02.04"]
[EventType "team-tourn"]
[EventRounds "9"]
[EventCountry "ESP"]
[SourceTitle "EXT 2007"]
[Source "ChessBase"]
[SourceDate "2006.11.23"]
[SourceVersion "1"]
[SourceVersionDate "2006.11.23"]
[SourceQuality "1"]

1. e4 c6 2. c4 d5 3. cxd5 Nf6 4. e5 Nxd5 5. d4 Bf5 6. Nf3 e6 7. Nc3 Nb4 8. Be3 Nc2+ 9. Kd2 Nxa1 10. Qxa1 Bb4 11. Bc4 Nd7 12. Ke2 Nb6 13. Bb3 0-0 14. Rg1 Nd5 15. g4 Nxe3 16. fxe3 Bg6 17. h4 Bxc3 18. bxc3 b5 19. Qe1 a5 20. a3 a4 21. Ba2 Qe7 22. Qc1 f6 23. Bb1 Bxb1 24. Qxb1 Qxa3 25. exf6 Rxf6 26. Ng5 Rh6 27. Nf3 Qd6 28. g5 Rh5 29. Qe4 Rf8 30. Qg4 g6 31. Nd2 Rf5 32. Rg2 a3 33. Kd3 a2 34. Rg1 Kf7 35. Ra1 Qa3 36. Qg2 b4 37. Qxc6 Qxc3+ 38. Qxc3 bxc3 39. Ne4 Ra5 40. Nxc3 Rxh4 41. Rxa2 Rxa2 42. Nxa2 Rg4 43. Ke2 0-1